Sacred Heresy (Record no. 988811)

MARC details
000 -LEADER
fixed length control field 00733nam a2200253Ia 4500
003 - CONTROL NUMBER IDENTIFIER
control field OSt
005 - DATE AND TIME OF LATEST TRANSACTION
control field 20221005082141.0
008 - FIXED-LENGTH DATA ELEMENTS--GENERAL INFORMATION
fixed length control field 221004b |||||||| |||| 00| 0 mar d
020 ## - INTERNATIONAL STANDARD BOOK NUMBER
International Standard Book Number 8126005904
037 ## - SOURCE OF ACQUISITION
Terms of availability Textual
040 ## - CATALOGING SOURCE
Original cataloging agency CRL
Transcribing agency CRL
Language of cataloging mar
041 ## - LANGUAGE CODE
Source of code mar
Language code of text/sound track or separate title mar
100 ## - MAIN ENTRY--PERSONAL NAME
Personal name Chitre Dilip Ed
9 (RLIN) 174672
245 #0 - TITLE STATEMENT
Title Sacred Heresy
Remainder of title selected poems of Vinda Karandikar tr by Vinda Karandikar
260 ## - PUBLICATION, DISTRIBUTION, ETC.
Place of publication, distribution, etc. New Delhi
Name of publisher, distributor, etc. Sahitya Akademi India
Date of publication, distribution, etc. 1998
300 ## - PHYSICAL DESCRIPTION
Extent 150p.
Dimensions cm.
650 ## - SUBJECT ADDED ENTRY--TOPICAL TERM
Topical term or geographic name entry element ENGLISH LITERATURE
942 ## - ADDED ENTRY ELEMENTS (KOHA)
Classification part O155,1N18x, 111N8
Koha item type Textual
Source of classification or shelving scheme
Holdings
Withdrawn status Lost status Damaged status Not for loan Home library Current library Date acquired Total Checkouts Full call number Barcode Date last seen Price effective from Koha item type
        Central Library Central Library 2022-10-05   O155,1N18x 111N8 CL1047762 2022-10-05 2022-10-05 Textual
Copyright @ Delhi University Library System